Sarufi miundo ya Kiswahili sanifu (SAMIKISA) :sekondari na vyuo / (Record no. 813)
| 000 -LEADER | |
|---|---|
| fixed length control field | 01113cam a2200313 a 4500 |
| 001 - CONTROL NUMBER | |
| control field | 12213631 |
| 003 - CONTROL NUMBER IDENTIFIER | |
| control field | OSt |
| 005 - DATE AND TIME OF LATEST TRANSACTION | |
| control field | 20140116120838.0 |
| 008 - FIXED-LENGTH DATA ELEMENTS--GENERAL INFORMATION | |
| fixed length control field | 000727s1999 tz b f001 0 swa |
| 010 ## - LIBRARY OF CONGRESS CONTROL NUMBER | |
| LC control number | 00284153 |
| 020 ## - INTERNATIONAL STANDARD BOOK NUMBER | |
| International Standard Book Number | 9976911335 |
| 035 ## - SYSTEM CONTROL NUMBER | |
| System control number | (DLC) 00284153 |
| 040 ## - CATALOGING SOURCE | |
| Original cataloging agency | DLC |
| Transcribing agency | DLC |
| 042 ## - AUTHENTICATION CODE | |
| Authentication code | lcode |
| 050 00 - LIBRARY OF CONGRESS CALL NUMBER | |
| Classification number | PL8702.M33 2009 |
| 100 1# - MAIN ENTRY--PERSONAL NAME | |
| Personal name | Massamba, D. |
| Dates associated with a name | 1945- |
| 245 10 - TITLE STATEMENT | |
| Title | Sarufi miundo ya Kiswahili sanifu (SAMIKISA) :sekondari na vyuo / |
| Statement of responsibility, etc | D.P.B. Massamba, Y.M. Kihore, J.I. Hokororo. |
| 260 ## - PUBLICATION, DISTRIBUTION, ETC. (IMPRINT) | |
| Place of publication, distribution, etc | Dar es Salaam : |
| Name of publisher, distributor, etc | Taasisi ya Uchunguzi wa Kiswahili, Chuo Kikuu cha Dar es Salaam, |
| Date of publication, distribution, etc | [2009] |
| 300 ## - PHYSICAL DESCRIPTION | |
| Extent | xiv, 196 p. ; |
| Dimensions | 21 cm. |
| 504 ## - BIBLIOGRAPHY, ETC. NOTE | |
| Bibliography, etc | Includes bibliographical references (p. [187]-191) and index. |
| 505 ## - FORMATTED CONTENTS NOTE | |
| Formatted contents note | Vidokezo kuhusu historia na maendeleo ya luga ya kiswahili---sarufi kwa jumla---Tungo---Virai---vishazi---sentensi--- |
| 546 ## - LANGUAGE NOTE | |
| Language note | In Swahili. |
| 650 #0 - SUBJECT ADDED ENTRY--TOPICAL TERM | |
| Topical term or geographic name as entry element | Sarufi Miundo |
| General subdivision | Lugha |
| 700 1# - ADDED ENTRY--PERSONAL NAME | |
| Personal name | Kihore, Y. |
| 700 1# - ADDED ENTRY--PERSONAL NAME | |
| Personal name | Hokororo, J. I. |
| 906 ## - LOCAL DATA ELEMENT F, LDF (RLIN) | |
| a | 7 |
| b | cbc |
| c | origode |
| d | 3 |
| e | ncip |
| f | 20 |
| g | y-gencatlg |
| 942 ## - ADDED ENTRY ELEMENTS (KOHA) | |
| Source of classification or shelving scheme | |
| Koha item type | Book |
| Withdrawn status | Lost status | Source of classification or shelving scheme | Damaged status | Not for loan | Home library | Current library | Date acquired | Total Checkouts | Total Renewals | Full call number | Barcode | Date last seen | Date checked out | Copy number | Price effective from | Koha item type | Shelving location |
|---|---|---|---|---|---|---|---|---|---|---|---|---|---|---|---|---|---|
| Riara University Library | Riara University Library | 14/11/2011 | 14 | 4 | PL8702 .M37 2009 | 2989/11 | 16/08/2016 | 14/07/2016 | C.1 | 14/11/2011 | Book | ||||||
| Riara University Library | Riara University Library | 14/11/2011 | 9 | 1 | PL8702 .M37 2009 | 2987/11 | 19/11/2018 | 23/09/2015 | C.2 | 14/11/2011 | Book | ||||||
| Riara University Library | Riara University Library | 14/11/2011 | 5 | 1 | PL8702 .M37 2009 | 2988/11 | 26/08/2016 | 16/07/2016 | C.3 | 14/11/2011 | Book on Shortloan | Short Loan |
